Les 100 films les mieux notés sur Allociné - Statistiques

Statistiques générales
  • Ce quiz a été pris 279 fois
  • Le résultat moyen est 25 sur 100
Statistiques - réponses
Année Réalisateur Réponse % Correct
1992 Francis Ford Coppola Le Parrain
79%
2010 Christopher Nolan Inception
71%
1994 Quentin Tarantino Pulp Fiction
69%
1994 Robert Zemeckis Forrest Gump
68%
1997 James Cameron Titanic
68%
2014 Christopher Nolan Interstellar
67%
1999 David Fincher Fight Club
54%
2019 Bon Joon Ho Parasite
54%
1999 Frank Darabont La Ligne verte
52%
1966 Sergio Leone Le Bon, la brute et le truand
52%
1993 Steven Spielberg La liste de Schindler
51%
1936 Charlie Chaplin Les Temps modernes
49%
1960 Alfred Hitchcock Psycho
47%
2012 Quentin Tarantino Django Unchained
46%
2000 Ridley Scott Gladiator
46%
1940 Charlie Chaplin Le Dictateur
46%
1994 Frank Darabont Les Evadés
46%
1995 David Fincher Seven
46%
2003 Peter Jackson Le Seigneur des anneaux : le retour du roi
44%
2002 Peter Jackson Le Seigneur des anneaux : les deux tours
43%
1990 Martin Scorsese Les Affranchis
42%
1985 Robert Zemeckis Retour vers le futur
41%
2008 Clint Eastwood Gran Torino
40%
1968 Sergio Leone Il était une fois dans l'Ouest
40%
2001 Peter Jackson Le Seigneur des anneaux : la communauté de l'anneau
40%
1980 Stanley Kubrick Shining
38%
1998 Roberto Benigni La Vie est belle
36%
1997 Frank Capra La Vie est belle
36%
2001 Hayao Miyazaki Le Voyage de Chihiro
36%
1992 Quentin Tarantino Reservoir Dogs
36%
1957 Sidney Lumet 12 hommes en colère
35%
2002 Roman Polanski Le Pianiste
32%
2010 Martin Scorses Shutter Island
32%
2014 Damien Chazelle Whiplash
32%
1984 Sergio Leone Il était une fois en Amérique
31%
1975 Milos Forman Vol au-dessus d'un nid de coucou
30%
2011 Eric Toledano, Olivier Nakache Intouchables
29%
2004 Clint Eastwood Million Dollar Baby
29%
1979 Francis Ford Coppola Apocalypse Now
28%
1999 Lana Wachowski, Lilly Wachowski Matrix
28%
1997 Hayao Miyasaki Princesse Mononoké
28%
2019 Todd Phillips Joker
27%
1990 Tim Burton Edward aux mains d'argent
25%
1998 Steven Spielberg Il faut sauver le soldat Ryan
24%
2008 Christopher Nolan The Dark Knight : Le Chevalier Noir
22%
1987 Stanley Kubrick Full Metal Jacket
21%
1995 Bryan Singer Usual Suspects
21%
1954 Alfred Hitchcock Fenêtre sur cour
20%
1980 David Lynch Elephant Man
19%
1966 Gérard Oury La Grande Vadrouille
19%
2014 Xavier Dolan Mommy
19%
1925 Charlie Chaplin La Ruée vers l'or
18%
1994 Roger Allers, Rob Minkoff Le Roi Lion
18%
1991 Jonathan Demme Le Silence des agneaux
18%
1958 Alfred Hitchcock Sueurs froides
18%
1921 Charlie Chaplin The Kid
18%
1988 Isao Takahata Le Tombeau des lucioles
16%
1999 M. Night Shyamalan Sixième Sens
16%
1979 Ridley Scott Alien, le huitième passager
15%
1931 Charlie Chaplin Les Lumières de la ville
15%
1957 Stanley Kubrick Les Sentiers de la gloire
14%
2016 Makoto Shinkai Your Name
14%
2019 Sam Mendes 1917
13%
1975 Stanley Kubrick Barry Lyndon
13%
1959 Alfred Hitchcock La Mort aux trousses
13%
2013 Denis Villeneuve Prisoners
13%
2016 Mel Gibson Tu ne tueras point
13%
1989 Steven Spielberg Indiana Jones et la Dernière Croisade
11%
1974 Francis Ford Coppola Le Parrain, 2e partie
11%
1981 Steven Spielberg Les Aventuriers de l'Arche perdue
11%
1978 Michael Cimino Voyage au bout de l'enfer
11%
2018 Bryan Singer Bohemian Rhapsody
10%
1998 Peter Weir The Truman Show
10%
2017 Lee Unkrich, Andrian Molina Coco
9%
2023 Jeanne Herry Je verrai toujours vos visages
9%
1980 Irvin Kershner Star Wars : Episode V - L'Empire contre-attaque
9%
1962 Masaki Kobayashi Harakiri
8%
2010 Lee Unkrich Toy Story 3
8%
1998 Tony Kaye American History X
7%
2018 Peter Farrelly Green Book : Sur les routes du sud
7%
2023 Joaquim Dos Santos, Kemp Powers, Justin Thompson Spider-Man : Across The Spider-Verse
7%
2008 Wilson Yip Ip Man
6%
1960 Jacques Becker Le Trou
5%
2016 Garth Davis Lion
5%
2018 Bob Persichetti, Peter Ramsey, Rodney Rothman Spider-Man : New Generation
5%
1983 Richard Marquand Star Wars : Episode VI - Le Retour du Jedi
5%
2022 Joseph Kosinski Top Gun : Maverick
5%
2008 Andrew Stanton Wall-E
5%
1959 Felix Van Groeningen Alabama Monroe
4%
1960 Henri-Georges Clouzot La Vérité
4%
2013 Isao Takahata Le Conte de la princesse Kaguya
4%
1977 George Lucas Star Wars : Episode IV - Un nouvel espoir (La Guerre des étoiles)
4%
2012 Mamouru Hosoda Les Enfants Loups, Ame & Yuki
3%
1924 Erich Von Stroheim Les Rapaces
3%
1954 Kenji Mizoguchi L'Intendant Sansho
3%
1982 Ingmar Bergman Fanny et Alexandre - Partie 2
2%
1952 Kenji Mizoguchi La Vie d'O'Haru, Femme Galante
2%
1948 Max Ophüls Lettre d'une inconnue
2%
1952 Vittorio De Sica Umberto D.
2%
2022 Akira Kurosawa Vivre
2%
Aucun quiz correspondant
Distribution des résultats
% des personnes avec chaque résultat
Percentile par nombre de réponses
Votre historique - résultats
Vous n’avez pas pris ce quiz